Countries with Lynx - Statistics

General Stats
  • This quiz has been taken 89 times
    88 since last reset
  • The average score is 49 of 53
Answer Stats
Answer % Correct
Russia
99%
Canada
97%
Mexico
97%
Spain
97%
China
96%
Germany
96%
India
96%
Iran
96%
Norway
96%
Poland
96%
United States
96%
Estonia
94%
Finland
94%
Romania
94%
Slovakia
94%
Sweden
94%
Turkey
94%
Ukraine
94%
Armenia
93%
France
93%
Greece
93%
Hungary
93%
Latvia
93%
Lithuania
93%
Nepal
93%
Pakistan
93%
Slovenia
93%
Afghanistan
91%
Austria
91%
Azerbaijan
91%
Bulgaria
91%
Croatia
91%
Czechia
91%
Iraq
91%
Kazakhstan
91%
Kyrgyzstan
91%
North Korea
91%
North Macedonia
91%
Switzerland
91%
Turkmenistan
91%
Uzbekistan
91%
Bhutan
90%
Bosnia and Herzegovina
90%
Italy
90%
Tajikistan
90%
Albania
88%
Belarus
88%
Georgia
88%
Mongolia
88%
Serbia
87%
Montenegro
85%
Liechtenstein
81%
Kosovo
79%
No matching quizzes found
Score Distribution
Percent of People with Each Score
Percentile by Number Answered
Your Score History
You have not taken this quiz since the last reset